000 00225nam a2200097Ia 4500
082 _aST 822.33 JULI
245 0 _aJulius Caesar
100 _a GARDYNE, Hazel
942 _cBK
008 210825s9999 xx 000 0 und d
999 _c522344
_d522344